00427nam a2200133 a 4500001001000000003000900010005001700019008004100036040002500077082001600102245011000118260004500228300002000273000031311DO-SdBNP20210630095052.0110617s2003 dr 000 0 spa d aDO-SdBNPbspacBNPHU axxxxbH767m00aHomilía de Mons. Fco. José Arnaiz en la misa del aniversario de la muerte del Dr. Joaquín Balaguer. aSanto Domingo :bAmigo del Hogar,c2003. a20 cm. ;c15 p.